Statistics for Fifa 21 Top 25 CAMs

Click here to take the quiz!

General Stats

  • This quiz has been taken 47 times
  • The average score is 17 of 25

Answer Stats

RatingClubPlayer% Correct
87Manchester UnitedBruno Fernandes
97%
91Manchester CityKevin De Bruyne
97%
86Bayern MunichThomas Muller
95%
85ChelseaKai Havertz
89%
86AtalantaAlejandro Gomez
86%
86Real SociedadDavid Silva
86%
85Borussia DortmundMarco Reus
86%
84Real MadridIsco
84%
84Borussia DortmundJulian Brandt
78%
85Inter MilanChristian Eriksen
76%
83Shanghai SIPGOscar
76%
81Leicester CityJames Maddison
73%
85LazioLuis Alberto
73%
85ChelseaHakim Ziyech
70%
82EvertonJames Rodriguez
70%
82ArsenalMesut Ozil
70%
83Tottenham HotspurDele Alli
65%
83Real BetisNabil Fekir
65%
83FC BarcelonaPhilippe Coutinho
59%
83CagliariRadja Nainggolan
57%
83Real MadridMartin Odegaard
54%
82Guangzhou EvergrandeAnderson Talisca
41%
81Union BerlinMax Kruse
41%
82AjaxQuincy Promes
32%
81Beijing GuoanJonathan Viera
16%

Score Distribution

Percentile by Number Answered

Percent of People with Each Score

Your Score History

You have not taken this quiz